A-Z: names ending in K - Statistics

General Stats
  • This quiz has been taken 22 times
  • The average score is 15 of 26
Answer Stats
Initial letter Clue Name ending in K % Correct
A Director of The Birds and other films of the 1920s-70s Alfred Hitchcock
95%
B First name of a modern US president Barack
95%
D Fictional whale, Moby Dick
95%
C Surname of Captain James, the first European to reach eastern Australia and Hawaii Cook
90%
E 10th century Viking "The Red" who established the first European settlement in Greenland Erik
90%
G Language which has influenced many words in English Greek
90%
J Forename of golfer Nicklaus and writer Kerouac Jack
90%
K Rapper Lamar and actress Anna Kendrick
81%
P US president James Polk
76%
T Actor who starred in Magnum, P.I. Tom Selleck
76%
Z Rage Against The Machine vocalist de la Rocha Zak
67%
Y Character whose skull appears in Hamlet Yorick
62%
S American director of 2001: A Space Odyssey Stanley Kubrick
57%
I Russian city and territory in the game Risk Irkutsk
52%
M Surname of comedian Lee Mack
52%
Q Glasgow football club who were a force in the 1800s Queens Park
52%
R British prime minister of the 2020s Rishi Sunak
52%
F 12th century Holy Roman Emperor known as Barbarossa Frederick
48%
V Football ground in Birmingham Villa Park
48%
H Football team from Split in Croatia Hadjuk
38%
L City taken by Russia in the war with Ukraine Luhansk
29%
O Croatian city Osijek
29%
X Old model of Jaguar car XJK
29%
U Public garden in Edinburgh with a pro-British name Union Park
24%
W Early British prime minister with a double-barrelled surname William Cavendish-Bentinck
14%
N Modern Polish women's 400m runner Natalia Kaczmarek
5%
No matching quizzes found
Score Distribution
Percent of People with Each Score
Percentile by Number Answered
Your Score History
You have not taken this quiz